| 000 | 00447nam a22001697a 4500 | ||
|---|---|---|---|
| 005 | 20160429152528.0 | ||
| 008 | 160429b xxu||||| |||| 00| 0 eng d | ||
| 020 | _a81-203-2223-1 | ||
| 041 | _aeng | ||
| 082 | _b00940 | ||
| 100 |
_aDaniels John. D Rade bangh hech Sullivan Daniel. P _9275 |
||
| 245 | _aGlobalization and Business | ||
| 260 |
_aNew Delhi _bPrenticohall of India _c2004 |
||
| 300 | _a399 | ||
| 650 |
_aManagement _9241 |
||
| 942 | _cBK | ||
| 999 |
_c315 _d315 |
||